YEAR BOOK VASCULAR SURGERY (Record no. 8212)
[ view plain ]
| 000 -LEADER | |
|---|---|
| fixed length control field | 00300nam a22001337a 4500 |
| 008 - FIXED-LENGTH DATA ELEMENTS--GENERAL INFORMATION | |
| fixed length control field | 170321b xxu||||| |||| 00| 0 eng d |
| 020 ## - INTERNATIONAL STANDARD BOOK NUMBER | |
| International Standard Book Number | 07494041 |
| 041 ## - LANGUAGE CODE | |
| Language code of text/sound track or separate title | eng |
| 080 ## - UNIVERSAL DECIMAL CLASSIFICATION NUMBER | |
| Universal Decimal Classification number | 616.12 -008-073 |
| 100 ## - Rafti | |
| Rafti | 7 |
| 101 ## - Shkurtesa | |
| Shkurtesa | SHM |
| 245 ## - TITLE STATEMENT | |
| Title | YEAR BOOK VASCULAR SURGERY |
| Statement of responsibility, etc | PORTER.J.M |
| 942 ## - ADDED ENTRY ELEMENTS (KOHA) | |
| Source of classification or shelving scheme | |
| Item type | Books |
| Withdrawn status | Lost status | Source of classification or shelving scheme | Damaged status | Not for loan | Collection code | Permanent location | Current location | Shelving location | Date acquired | Total Checkouts | Full call number | Barcode | Date last seen | Price effective from | Koha item type |
|---|---|---|---|---|---|---|---|---|---|---|---|---|---|---|---|
| Koleksioni i përgjithshem | UBT - Lipjan | UBT - Lipjan | Koleksioni i përgjithshem | 03/21/2017 | 616.12 -008-073 POR | 002-032186 | 03/21/2017 | 03/21/2017 | Books | ||||||
| Koleksioni i përgjithshem | UBT - Lipjan | UBT - Lipjan | Koleksioni i përgjithshem | 03/21/2017 | 616.12 -008-073 POR | 002-032191 | 03/21/2017 | 03/21/2017 | Books | ||||||
| UBT - Lipjan | UBT - Lipjan | 03/21/2017 | 03/21/2017 | 03/21/2017 | Books |